000 00600nam a2200217 i 4500
001 96858
003 ES-MaACL
005 20230906182005.0
007 t|
008 050701s1959 sp ||||1| spa d
080 _a82-311.2"19"
100 1 _aMannes, Marya.
_976060
245 1 0 _aToda una mujer /
_cpor Marya Mannes; [versión castellana de Fernando Calleja].
260 _aBarcelona :
_bG.P.,
_c1959.
300 _a192 p. ;
_c18 cm.
490 1 _aLibros Plaza
700 1 _aCalleja, Fernando.
_933715
830 1 _aLibros Plaza
_9181449
852 4 _aES-MaACL
_jC-17178
999 _c96858
_d96858